000 00561nam a2200229Ia 4500
003 OSt
005 20220924135346.0
006 a|||||r|||| 00| 0
007 ta
008 220923b |||||||| |||| 00| 0 ben d
024 _a290707
037 _cTextual
040 _aARTS
_cARTS
_bben
041 _2ben
_aben
082 _aO142,3M60x, 157K8
100 _aChekov
_9210169
245 0 _aGalpa
260 _c1968
650 _aRUSSIAN LITERATURE
_915056
942 _hO142,3M60x, 157K8
_cTEXL
_2CC
999 _c440412
_d440412